1918 and now, (Record no. 18002)

MARC details
000 -LEADER
fixed length control field 00614cam a22002171 4500
001 - CONTROL NUMBER
control field ca 36000140
003 - CONTROL NUMBER IDENTIFIER
control field DLC
005 - DATE AND TIME OF LATEST TRANSACTION
control field 20260227111140.0
008 - FIXED-LENGTH DATA ELEMENTS--GENERAL INFORMATION
fixed length control field 790410s1936 xx 000 0 eng
010 ## - LIBRARY OF CONGRESS CONTROL NUMBER
LC control number ca 36000140
035 ## - SYSTEM CONTROL NUMBER
System control number (OCoLC)4843438
040 ## - CATALOGING SOURCE
Original cataloging agency DLC
Transcribing agency OCl
Modifying agency DLC
042 ## - AUTHENTICATION CODE
Authentication code premarc
050 00 - LIBRARY OF CONGRESS CALL NUMBER
Classification number PN6120.A5
Item number E52
082 ## - DEWEY DECIMAL CLASSIFICATION NUMBER
Classification number 812.5
100 1# - MAIN ENTRY--PERSONAL NAME
Personal name Elderdice, Dorothy.
245 10 - TITLE STATEMENT
Title 1918 and now,
Statement of responsibility, etc. by Dorothy Elderdice.
260 ## - PUBLICATION, DISTRIBUTION, ETC.
Place of publication, distribution, etc. Boston, Mass.,
-- Los Angeles, Calif.,
Name of publisher, distributor, etc. [Walter H. Baker company,
Date of publication, distribution, etc. c1936]
300 ## - PHYSICAL DESCRIPTION
Extent 2 p. l., 3-21 p.
Other physical details diagr.
Dimensions 19 cm.
490 0# - SERIES STATEMENT
Series statement Baker's plays for amateurs

No items available.

Powered by Koha